MARC details
| 000 - LÍDER |
| campo de control de longitud fija |
01066nam a2200217Ia 4500 |
| 008 - ELEMENTOS DE DATOS DE LONGITUD FIJA - INFORMACIÓN GENERAL |
| campo de control de longitud fija |
0000001990 sp a 0000000000cat00 |
| 090 ## - NÚMERO DE LLAMADA DE TIPO LC LOCALMENTE ASIGNADO (OCLC) |
| Número de clasificación (OCLC) (R) |
PSP00 J85m |
| 100 1# - ENTRADA PRINCIPAL - NOMBRE PERSONAL |
| Nombre de la persona |
Junca, Mim |
| Fechas asociadas a un nombre |
1959 |
| 245 10 - TÍTULO DECLARACIÓN |
| Título |
Monólegs |
| Resto del título |
: Mim Juncá, Pierre Pecoud, Tófol Sastre |
| Declaración de responsabilidad |
/ traducció Marta Foix ; fotografies J.S. Cabrera, Daniel Devaux, Gabriel Ramón |
| 260 ## - PUBLICACIÓN, DISTRIBUCIÓN |
| Lugar de publicación |
Girona : Espais Centre de ́art Contemporani |
| Fecha de publicación |
1990 |
| 300 ## - DESCRIPCIÓN FÍSICA |
| Alcance |
23 p. |
| Dimensiones |
/ 30 cm. |
| 500 ## - NOTA GENERAL |
| Nota general |
Exposición realizada en Espais Centre d'Art Contemporani, Girona, Enero 25 Febrero 25, 1990 \ Con el patronazgo del maestro venezolano Jesús Rafael Soto (q.e.p.d.) |
| 600 00 - ENTRADA DE SUJETO AÑADIDO - NOMBRE PERSONAL |
| Nombre de la persona |
JUNCA, MIM, 1959/ |
| Subdivisión general |
TRABAJOS PICTORICOS \ SASTRE, TOFOL, 1963/ |
| -- |
TRABAJOS PICTORICOS \ PECOUD, PIERRE, 1944/ |
| -- |
TRABAJOS PICTORICOS |
| 650 14 - ENTRADA DE SUJETO AÑADIDO - TÉRMINO TÓPICO |
| Término tópico o elemento de entrada del nombre geográfico |
ARTISTAS PLASTICOS ESPAÑOLES |
| 650 14 - ENTRADA DE SUJETO AÑADIDO - TÉRMINO TÓPICO |
| Término tópico o elemento de entrada del nombre geográfico |
ARTISTAS PLASTICOS FRANCESES |
| 650 14 - ENTRADA DE SUJETO AÑADIDO - TÉRMINO TÓPICO |
| Subdivisión general |
CATALOGOS |
| 650 14 - ENTRADA DE SUJETO AÑADIDO - TÉRMINO TÓPICO |
| Subdivisión general |
EXPOSICIONES |
| 650 14 - ENTRADA DE SUJETO AÑADIDO - TÉRMINO TÓPICO |
| Término tópico o elemento de entrada del nombre geográfico |
PINTURA ESPAÑOLA |
| 650 14 - ENTRADA DE SUJETO AÑADIDO - TÉRMINO TÓPICO |
| Término tópico o elemento de entrada del nombre geográfico |
PINTURA FRANCESA |
| 700 1# - ENTRADA AGREGADA - NOMBRE PERSONAL |
| Nombre de la persona |
FoiX, Marta, tr. \ Cabrera, J. S. \ DevauX, Daniel \ Ramón, Gabriel |